[Event "AUT-chT 1415"]
[Site "Austria"]
[Date "2015.03.01"]
[Round "8.3"]
[White "Moser, Eva"]
[Black "Thiede, Lars"]
[Result "1/2-1/2"]
[WhiteElo "2453"]
[BlackElo "2446"]
[PlyCount "147"]
[EventDate "2014.11.20"]
[EventType "team-tourn"]
[EventRounds "11"]
[EventCountry "AUT"]
[SourceTitle "EXT 2016"]
[Source "ChessBase"]
[SourceDate "2015.10.08"]
[SourceVersion "1"]
[SourceVersionDate "2015.10.08"]
[SourceQuality "1"]
[WhiteTeam "Wolfsberg"]
[BlackTeam "Wulkaprodersdorf"]
[WhiteTeamCountry "AUT"]
[BlackTeamCountry "AUT"]

1. g3 g6 2. Bg2 Bg7 3. e4 c5 4. f4 Nc6 5. Nf3 d6 6. d3 Nf6 7. 0-0 0-0 8. Nh4 c4 9. h3 cxd3 10. Qxd3 e5 11. f5 d5 12. exd5 e4 13. Qd2 Qb6+ 14. Kh2 Nd4 15. Nc3 Nxf5 16. Nxf5 Bxf5 17. Qf2 Qa5 18. Bd2 Qd8 19. Rad1 Re8 20. Be3 h5 21. d6 h4 22. Ne2 Bg4 23. gxh4 Bxe2 24. Qxe2 Qd7 25. Kg1 Nh5 26. Qg4 Re6 27. Rd5 Nf6 28. Rxf6 Bxf6 29. h5 Bxb2 30. hxg6 fxg6 31. Bf1 Kg7 32. c3 Bxc3 33. Rc5 Rxd6 34. Rxc3 Qxg4+ 35. hxg4 Rc6 36. Rb3 b6 37. g5 Rd8 38. Ra3 Rc7 39. Be2 Rd5 40. Ra4 Ra5 41. Rxa5 bxa5 42. a4 Kf7 43. Kf2 Rc2 44. Bxa7 Ra2 45. Ke3 Ra3+ 46. Kxe4 Rxa4+ 47. Ke5 Ra1 48. Bc4+ Kg7 49. Bd4 Re1+ 50. Kd5+ Kh7 51. Bb3 Rc1 52. Bf6 Rc7 53. Kd4 Rc8 54. Kd3 Rc7 55. Kd2 Rc8 56. Bc2 Rc5 57. Bb3 Rc8 58. Bc2 Rc5 59. Kc1 a4 60. Kb1 a3 61. Bb3 Rb5 62. Ka2 Ra5 63. Bd8 Ra8 64. Bc7 Ra7 65. Bf4 Ra8 66. Bd2 Ra7 67. Bb4 Ra6 68. Bc2 Ra7 69. Bb1 Ra8 70. Bd2 Rd8 71. Bc1 Ra8 72. Ka1 Ra5 73. Ba2 Rc5 74. Bxa3 1/2-1/2

[Event "AUT-chT 1415"]
[Site "Austria"]
[Date "2015.02.27"]
[Round "6.4"]
[White "Moser, Eva"]
[Black "Martinovic, Sasa"]
[Result "0-1"]
[WhiteElo "2453"]
[BlackElo "2535"]
[PlyCount "96"]
[EventDate "2014.11.20"]
[EventType "team-tourn"]
[EventRounds "11"]
[EventCountry "AUT"]
[SourceTitle "EXT 2016"]
[Source "ChessBase"]
[SourceDate "2015.10.08"]
[SourceVersion "1"]
[SourceVersionDate "2015.10.08"]
[SourceQuality "1"]
[WhiteTeam "Wolfsberg"]
[BlackTeam "Hohenems"]
[WhiteTeamCountry "AUT"]
[BlackTeamCountry "AUT"]

1. e4 c5 2. d3 Nc6 3. g3 g6 4. Bg2 Bg7 5. f4 d6 6. Nf3 e6 7. 0-0 Nge7 8. c3 0-0 9. Be3 b6 10. Bf2 e5 11. a4 exf4 12. gxf4 d5 13. Na3 Bg4 14. Qe1 Qd7 15. Bh4 Rae8 16. Qg3 f6 17. Nc2 Be6 18. Rfe1 h6 19. Qf2 dxe4 20. dxe4 Bb3 21. Ne3 Rd8 22. Bg3 Kh7 23. f5 g5 24. h4 gxh4 25. Bxh4 h5 26. e5 Ng8 27. e6 Qe8 28. Nd2 Rxd2 29. Qxd2 Bh6 30. Qd7+ Qxd7 31. exd7 Ne5 32. Nd5 Nxd7 33. a5 b5 34. Re6 Rf7 35. Ra6 Rg7 36. Rxa7 Bxd5 37. Rxd7 Rxd7 38. Rd1 Be3+ 39. Kh2 Bc6 40. Rxd7+ Bxd7 41. c4 Bf4+ 42. Kh1 bxc4 43. Bf2 Bc7 44. a6 Bb6 45. Bf1 Bb5 46. b4 cxb3 47. Bxb5 b2 48. Bd3 c4 0-1

[Event "AUT-chT 1415"]
[Site "Austria"]
[Date "2015.02.26"]
[Round "5.3"]
[White "Predojevic, Borki"]
[Black "Moser, Eva"]
[Result "1-0"]
[WhiteElo "2610"]
[BlackElo "2453"]
[PlyCount "75"]
[EventDate "2014.11.20"]
[EventType "team-tourn"]
[EventRounds "11"]
[EventCountry "AUT"]
[SourceTitle "EXT 2016"]
[Source "ChessBase"]
[SourceDate "2015.10.08"]
[SourceVersion "1"]
[SourceVersionDate "2015.10.08"]
[SourceQuality "1"]
[WhiteTeam "Maria Saal"]
[BlackTeam "Wolfsberg"]
[WhiteTeamCountry "AUT"]
[BlackTeamCountry "AUT"]

1. e4 d5 2. exd5 Qxd5 3. Nf3 Nf6 4. d4 g6 5. c4 Qd8 6. Nc3 Bg7 7. Be2 c5 8. d5 0-0 9. 0-0 Bg4 10. Re1 Nbd7 11. Ng5 Bxe2 12. Qxe2 Re8 13. Qc2 a6 14. a4 Qc7 15. h3 Ne5 16. Qe2 Ned7 17. Qc2 Ne5 18. b3 e6 19. dxe6 fxe6 20. Bf4 Nf3+ 21. Nxf3 Qxf4 22. Rad1 Rac8 23. Ne4 Nxe4 24. Rxe4 Qf6 25. Qe2 Qb2 26. Qe3 Qc3 27. Rd3 Qf6 28. Rd7 Re7 29. Rxe7 Qxe7 30. Rxe6 Qd7 31. Re7 Qd1+ 32. Kh2 Qd6+ 33. g3 Bd4 34. Re8+ Rxe8 35. Qxe8+ Kg7 36. Ng5 Bxf2 37. Ne4 Qd4 38. Qe7+ 1-0

[Event "BL 1415 (Women)"]
[Site "Germany"]
[Date "2014.09.28"]
[Round "2.4"]
[White "Moser, Eva"]
[Black "Girya, Olga"]
[Result "1-0"]
[WhiteElo "2440"]
[BlackElo "2476"]
[PlyCount "121"]
[EventDate "2014.09.27"]
[EventType "team-tourn"]
[EventRounds "11"]
[EventCountry "GER"]
[SourceTitle "CBM 162 Extra"]
[Source "ChessBase"]
[SourceDate "2014.10.17"]
[SourceVersion "1"]
[SourceVersionDate "2014.10.17"]
[SourceQuality "1"]
[WhiteTeam "Baden-Baden (W)"]
[BlackTeam "Bad Koenigshofen (W)"]
[WhiteTeamCountry "GER"]
[BlackTeamCountry "GER"]

1. g3 d5 2. Nf3 c6 3. Bg2 Bg4 4. 0-0 Nd7 5. d3 Ngf6 6. Nbd2 e5 7. e4 Bd6 8. h3 Bh5 9. exd5 cxd5 10. c4 d4 11. b4 0-0 12. a3 a5 13. Rb1 Bg6 14. Qc2 axb4 15. axb4 Bf5 16. g4 Bg6 17. Nh4 Qc7 18. Nxg6 hxg6 19. c5 Be7 20. Nc4 b5 21. Bxa8 Rxa8 22. Na5 Nd5 23. Bd2 Nf8 24. Qd1 Ne6 25. Qf3 Rd8 26. Rfd1 Bg5 27. Be1 Nc3 28. Qb7 Nxb1 29. Qxc7 Nxc7 30. Rxb1 Nd5 31. Nc6 Ra8 32. Nxe5 Nc3 33. Rb2 Ra1 34. Nf3 Bf4 35. Kg2 Rd1 36. Bd2 Nd5 37. c6 Kf8 38. Bxf4 Nxf4+ 39. Kg3 Nd5 40. Rc2 Nc7 41. Ne5 f6 42. Nd7+ Ke7 43. Nc5 Rb1 44. Kf4 Rxb4 45. Ke4 Kd6 46. Nb7+ Ke6 47. Nc5+ Kd6 48. f4 f5+ 49. gxf5 gxf5+ 50. Kxf5 Nd5 51. Ne4+ Kc7 52. Ke5 Ne7 53. Ke6 Ng6 54. Nc5 Rb1 55. Na6+ Kc8 56. Kd6 Nxf4 57. Rf2 g5 58. h4 Re1 59. Nc5 Re2 60. Rxe2 Nxe2 61. Nd7 1-0

[Event "Olympiad Women-41"]
[Site "Tromsoe"]
[Date "2014.08.05"]
[Round "4.1"]
[White "Moser, Eva"]
[Black "Cramling, Pia"]
[Result "0-1"]
[WhiteElo "2456"]
[BlackElo "2500"]
[PlyCount "56"]
[EventDate "2014.08.02"]
[EventType "team-swiss"]
[EventRounds "11"]
[EventCountry "NOR"]
[SourceTitle "CBM 162"]
[Source "ChessBase"]
[SourceDate "2014.09.17"]
[SourceVersion "1"]
[SourceVersionDate "2014.09.17"]
[SourceQuality "1"]
[WhiteTeam "Austria (W)"]
[BlackTeam "Sweden (W)"]
[WhiteTeamCountry "AUT"]
[BlackTeamCountry "SWE"]

1. e4 c5 2. c3 d5 3. exd5 Qxd5 4. d4 Nc6 5. Nf3 Bf5 6. Be3 Nf6 7. Na3 cxd4 8. Bc4 Qd7 9. Nxd4 Be4 10. Nxc6 bxc6 11. Qxd7+ Nxd7 12. f3 Bg6 13. Ba6 Rb8 14. 0-0-0 e6 15. b4 Nf6 16. Bxa7 Rd8 17. Rxd8+ Kxd8 18. Bb6+ Kd7 19. Nc4 Nd5 20. Rd1 f6 21. Kb2 Be7 22. Na5 Bd6 23. Bb7 Nxb6 24. c4 Kc7 25. c5 Be5+ 26. Kb3 Nd5 27. Bxc6 Bc2+ 28. Kxc2 Nxb4+ 0-1

[Event "BL 1314 (Women)"]
[Site "Germany"]
[Date "2014.03.30"]
[Round "11"]
[White "Pruefert, Franziska"]
[Black "Moser, Eva"]
[Result "0-1"]
[WhiteElo "1809"]
[BlackElo "2433"]
[PlyCount "100"]
[EventDate "2013.10.04"]
[EventType "team-tourn"]
[EventRounds "11"]
[EventCountry "GER"]
[SourceTitle "EXT 2015"]
[Source "ChessBase"]
[SourceDate "2014.11.20"]
[SourceVersion "1"]
[SourceVersionDate "2014.11.20"]
[SourceQuality "1"]
[WhiteTeam "Friedberg (W)"]
[BlackTeam "Baden-Baden (W)"]
[WhiteTeamCountry "GER"]
[BlackTeamCountry "GER"]

1. d4 c5 2. c3 Qa5 3. Bd2 Nf6 4. Qc2 g6 5. e4 d6 6. f4 Bg7 7. Nf3 0-0 8. Be2 Qc7 9. d5 e6 10. c4 exd5 11. cxd5 Re8 12. Nc3 Na6 13. Bxa6 bxa6 14. 0-0 Rb8 15. Rae1 a5 16. h3 Ba6 17. Rf2 Nd7 18. b3 c4 19. Ne2 Nc5 20. Nc1 Rec8 21. Be3 cxb3 22. axb3 Nxb3 23. Qxc7 Rxc7 24. Nxb3 Rxb3 25. Ra2 Rd3 26. Bd2 Bb5 27. Bxa5 Rc4 28. Nd2 Ra4 29. Rxa4 Bxa4 30. Nc4 Bd4+ 31. Kh2 Bf2 32. Rf1 Bg3+ 33. Kh1 g5 34. Nxd6 Bxf4 35. Nc8 Bd7 36. Nxa7 f5 37. exf5 Bxf5 38. Nc6 Be4 39. Bb6 Rxh3+ 40. Kg1 Rg3 41. Rf2 Rd3 42. Nb4 Rb3 43. Bc5 Rc3 44. d6 Rxc5 45. d7 Rc1+ 46. Rf1 Rxf1+ 47. Kxf1 Bc7 48. g4 Bf3 49. Kf2 Bxg4 50. Nd5 Bd8 0-1

[Event "AUT-chT 1314"]
[Site "Austria"]
[Date "2014.03.23"]
[Round "11.4"]
[White "Moser, Eva"]
[Black "Schneider, Ilja"]
[Result "1/2-1/2"]
[WhiteElo "2436"]
[BlackElo "2511"]
[PlyCount "32"]
[EventDate "2013.12.06"]
[EventType "team-tourn"]
[EventRounds "11"]
[EventCountry "AUT"]
[SourceTitle "EXT 2015"]
[Source "ChessBase"]
[SourceDate "2014.11.20"]
[SourceVersion "1"]
[SourceVersionDate "2014.11.20"]
[SourceQuality "1"]
[WhiteTeam "Wolfsberg"]
[BlackTeam "Wulkaprodersdorf"]
[WhiteTeamCountry "AUT"]
[BlackTeamCountry "AUT"]

1. g3 d5 2. Nf3 c6 3. Bg2 Bg4 4. c4 e6 5. cxd5 Bxf3 6. Bxf3 cxd5 7. 0-0 Nf6 8. Nc3 Nc6 9. d3 Be7 10. Bg2 0-0 11. Bd2 Qb6 12. Rb1 a5 13. Qa4 Qb4 14. Qd1 Qb6 15. Qa4 Qb4 16. Qd1 Qb6 1/2-1/2

[Event "AUT-chT 1314"]
[Site "Austria"]
[Date "2014.02.02"]
[Round "7.1"]
[White "Kreindl, Helmut"]
[Black "Moser, Eva"]
[Result "0-1"]
[WhiteElo "2213"]
[BlackElo "2436"]
[PlyCount "208"]
[EventDate "2013.12.06"]
[EventType "team-tourn"]
[EventRounds "11"]
[EventCountry "AUT"]
[SourceTitle "CBM 158 Extra"]
[Source "ChessBase"]
[SourceDate "2014.02.28"]
[SourceVersion "1"]
[SourceVersionDate "2014.02.28"]
[SourceQuality "1"]
[WhiteTeam "Tschaturanga"]
[BlackTeam "Wolfsberg"]
[WhiteTeamCountry "AUT"]
[BlackTeamCountry "AUT"]

1. d4 c5 2. e3 Nf6 3. Nf3 g6 4. Be2 Bg7 5. 0-0 0-0 6. b3 Nc6 7. Bb2 cxd4 8. Nxd4 d6 9. c4 Nxd4 10. Bxd4 Bd7 11. Nd2 Bc6 12. Bb2 Qa5 13. Bf3 Rfd8 14. Bxc6 bxc6 15. Qc2 Qf5 16. Qxf5 gxf5 17. Rfd1 c5 18. Nf1 a5 19. Ng3 e6 20. Rd3 Ne4 21. Bxg7 Kxg7 22. Rad1 a4 23. f3 Nxg3 24. hxg3 axb3 25. axb3 Rdb8 26. R1d2 Ra3 27. Rxd6 Rbxb3 28. Rc6 Rxe3 29. Rxc5 Ra7 30. Rc8 Rc3 31. c5 Ra1+ 32. Kf2 Rac1 33. c6 Rxc6 34. Rxc6 Rxc6 35. Ra2 e5 36. Rb2 Kf6 37. Ra2 Rb6 38. Rc2 Kg5 39. Rc4 Kg6 40. Ra4 Rb2+ 41. Kf1 h5 42. f4 f6 43. Ra7 Rb4 44. fxe5 fxe5 45. Ra8 h4 46. gxh4 Rxh4 47. Kf2 Rb4 48. Rg8+ Kf7 49. Rg5 Kf6 50. Rg8 Rb2+ 51. Kf3 Rb3+ 52. Kf2 Ke6 53. Rg5 f4 54. Rg8 Kf5 55. Ra8 Rb2+ 56. Kf1 e4 57. Rf8+ Ke5 58. Rd8 Rb1+ 59. Ke2 Rb2+ 60. Kf1 Rb5 61. Ke2 Kf5 62. Rg8 Rb2+ 63. Kf1 Rd2 64. Ke1 Rd5 65. Kf1 e3 66. Re8 Rd1+ 67. Ke2 Rd2+ 68. Kf1 Rd5 69. Ke2 Kg4 70. Rg8+ Rg5 71. Re8 Kg3 72. Kf1 Rg4 73. Re7 Rh4 74. Kg1 Rh5 75. Rg7+ Kh4 76. Kf1 Ra5 77. Ke2 Rg5 78. Rh7+ Kg3 79. Rf7 Rg4 80. Kf1 Rg5 81. Re7 Kg4 82. Ke2 Kf5 83. Kf1 Rh5 84. Ke2 Rh1 85. Rf7+ Ke5 86. Re7+ Kf6 87. Re8 Rg1 88. Rg8 Ra1 89. Rf8+ Ke5 90. Re8+ Kd5 91. Rd8+ Ke6 92. Rg8 Ra2+ 93. Kf1 Rd2 94. Rg5 Rd5 95. Rg8 Ke5 96. Ke2 Rd2+ 97. Kf1 Ke4 98. Re8+ Kd3 99. Rd8+ Kc2 100. Ra8 Kb2 101. Ra4 Rf2+ 102. Kg1 Rc2 103. Rxf4 Rc1+ 104. Rf1 e2 0-1

[Event "Augsburg Gutmann Memorial 4th"]
[Site "Augsburg"]
[Date "2014.01.04"]
[Round "9"]
[White "Moser, Eva"]
[Black "Geske, Julian"]
[Result "1/2-1/2"]
[WhiteElo "2436"]
[BlackElo "2402"]
[PlyCount "81"]
[EventDate "2013.12.27"]
[EventType "tourn"]
[EventRounds "9"]
[EventCountry "GER"]
[EventCategory "7"]
[SourceTitle "EXT 2015"]
[Source "ChessBase"]
[SourceDate "2014.11.20"]
[SourceVersion "1"]
[SourceVersionDate "2014.11.20"]
[SourceQuality "1"]

1. e4 e5 2. Nf3 Nc6 3. d4 exd4 4. Nxd4 Qf6 5. Nxc6 Bc5 6. Qf3 bxc6 7. Nd2 d6 8. Nb3 Bb6 9. Bd2 a5 10. Bc3 Qxf3 11. gxf3 f6 12. Rg1 g6 13. a4 Be6 14. Nd4 Bxd4 15. Bxd4 Kf7 16. f4 Ne7 17. Be2 Rhe8 18. 0-0-0 f5 19. f3 Red8 20. h4 h5 21. Rd2 Rg8 22. b3 c5 23. Bc3 Nc6 24. Bb5 Nb4 25. Bxb4 cxb4 26. Rg5 Kf6 27. Rg1 Rad8 28. Re1 Ke7 29. Bc6 fxe4 30. fxe4 Rdf8 31. Rf2 g5 32. hxg5 Rxg5 33. Bd5 Bxd5 34. exd5+ Kd7 35. fxg5 Rxf2 36. Rg1 Ke7 37. Rh1 Rf5 38. Rxh5 Rxd5 39. Rh7+ Ke6 40. g6 Rg5 41. Rxc7 1/2-1/2

[Event "Augsburg Gutmann Memorial 4th"]
[Site "Augsburg"]
[Date "2014.01.03"]
[Round "8"]
[White "Bromberger, Stefan"]
[Black "Moser, Eva"]
[Result "1/2-1/2"]
[WhiteElo "2500"]
[BlackElo "2436"]
[PlyCount "165"]
[EventDate "2013.12.27"]
[EventType "tourn"]
[EventRounds "9"]
[EventCountry "GER"]
[EventCategory "7"]
[SourceTitle "EXT 2015"]
[Source "ChessBase"]
[SourceDate "2014.11.20"]
[SourceVersion "1"]
[SourceVersionDate "2014.11.20"]
[SourceQuality "1"]

1. e4 c5 2. Nf3 Nc6 3. d4 cxd4 4. Nxd4 Nf6 5. Nc3 e5 6. Ndb5 d6 7. Bg5 a6 8. Na3 b5 9. Bxf6 gxf6 10. Nd5 f5 11. c3 Bg7 12. Bd3 Be6 13. Nxb5 axb5 14. Bxb5 Bd7 15. exf5 Rb8 16. a4 Rg8 17. 0-0 Ne7 18. Ne3 d5 19. Qf3 Bxb5 20. axb5 d4 21. cxd4 exd4 22. Nc4 Qd5 23. Qxd5 Nxd5 24. Ra7 Kf8 25. Nd6 Ne7 26. Re1 Bf6 27. Ne4 Nc8 28. Ra6 Bd8 29. f6 Bb6 30. h4 h6 31. f3 Rh8 32. h5 Kg8 33. Rea1 Kh7 34. Ra8 Rb7 35. Rc1 Na7 36. Rxh8+ Kxh8 37. Kf1 Rd7 38. Ke2 Rd5 39. Kd3 Kg8 40. b4 Rxb5 41. Nc5 Rxb4 42. Nd7 Rb3+ 43. Kc4 Rc3+ 44. Rxc3 dxc3 45. Kxc3 Bc7 46. Kc4 Nc6 47. Kd5 Nd8 48. g4 Ne6 49. Ke4 Ng5+ 50. Ke3 Bd6 51. Ke2 Bf4 52. Kd3 Bg3 53. Ke3 Bc7 54. Ke2 Nh7 55. Kd3 Bd8 56. Ne5 Nxf6 57. Nc6 Bc7 58. Ne7+ Kf8 59. Nf5 Bf4 60. Kd4 Ke8 61. Ng7+ Ke7 62. Nf5+ Kd7 63. Ng7 Ne8 64. Nf5 Nd6 65. Nh4 Ke6 66. Ng2 Be5+ 67. Ke3 Kd5 68. f4 Bf6 69. Kf3 Nc4 70. Ne1 Bd8 71. Nd3 Be7 72. Nf2 Nd2+ 73. Ke2 Nb3 74. Kf3 Nd4+ 75. Kg3 Bd6 76. Nh3 f6 77. Kf2 Ne6 78. Kf3 Kd4 79. g5 fxg5 80. fxg5 Nxg5+ 81. Nxg5 hxg5 82. Kg4 Ke4 83. Kxg5 1/2-1/2

[Event "Augsburg Gutmann Memorial 4th"]
[Site "Augsburg"]
[Date "2013.12.30"]
[Round "4"]
[White "Moser, Eva"]
[Black "Rooze, Jan"]
[Result "1-0"]
[WhiteElo "2436"]
[BlackElo "2340"]
[PlyCount "83"]
[EventDate "2013.12.27"]
[EventType "tourn"]
[EventRounds "9"]
[EventCountry "GER"]
[EventCategory "7"]
[SourceTitle "EXT 2015"]
[Source "ChessBase"]
[SourceDate "2014.11.20"]
[SourceVersion "1"]
[SourceVersionDate "2014.11.20"]
[SourceQuality "1"]

1. g3 g6 2. Bg2 Bg7 3. e4 c5 4. f4 Nc6 5. d3 d6 6. Nf3 Nf6 7. 0-0 0-0 8. h3 Rb8 9. a4 a6 10. Nc3 b5 11. axb5 axb5 12. Be3 b4 13. Ne2 Bb7 14. g4 c4 15. Ng3 b3 16. dxc4 bxc2 17. Qxc2 Nb4 18. Qb1 Nd7 19. Nd4 e5 20. fxe5 Nxe5 21. b3 Ned3 22. Qd1 Re8 23. Qf3 Ne5 24. Qf2 Nbd3 25. Qd2 Nc5 26. Rab1 Qh4 27. Nde2 h6 28. Qxd6 Nxe4 29. Nxe4 Bxe4 30. Bf2 Qg5 31. Bxe4 Rbd8 32. Qc5 Nxg4 33. Qxg5 hxg5 34. hxg4 Rxe4 35. Ng3 Rxg4 36. Kg2 f5 37. Rfd1 Rb8 38. Kf3 Rf4+ 39. Kg2 Rg4 40. Rd7 f4 41. Kf3 fxg3 42. Bxg3 1-0

[Event "AUT-chT 1314"]
[Site "Austria"]
[Date "2013.12.08"]
[Round "3.4"]
[White "Moser, Guenter"]
[Black "Moser, Eva"]
[Result "1-0"]
[WhiteElo "2357"]
[BlackElo "2436"]
[PlyCount "123"]
[EventDate "2013.12.06"]
[EventType "team-tourn"]
[EventRounds "11"]
[EventCountry "AUT"]
[SourceTitle "CBM 157 Extra"]
[Source "ChessBase"]
[SourceDate "2013.12.19"]
[SourceVersion "1"]
[SourceVersionDate "2013.12.19"]
[SourceQuality "1"]
[WhiteTeam "Ansfelden"]
[BlackTeam "Wolfsberg"]
[WhiteTeamCountry "AUT"]
[BlackTeamCountry "AUT"]

1. d4 c5 2. d5 d6 3. g3 g6 4. Bg2 Bg7 5. Nf3 Nf6 6. 0-0 b5 7. Re1 0-0 8. e4 Nbd7 9. a4 b4 10. c4 bxc3 11. Nxc3 Ng4 12. Bf1 Nde5 13. Nxe5 Nxe5 14. h3 Rb8 15. f4 Nd7 16. a5 Nf6 17. Kh2 Ne8 18. Qc2 Nc7 19. Bd2 Ba6 20. Bg2 Bc4 21. Ra3 Qc8 22. b3 Ba6 23. e5 Qd8 24. Be3 Bc8 25. Bf2 Na6 26. g4 Nb4 27. Qd1 Ba6 28. Bg3 Qc7 29. Re3 Rfd8 30. h4 c4 31. bxc4 Qxc4 32. Ra1 Nd3 33. Ne2 dxe5 34. fxe5 Rb2 35. Ra4 Qc2 36. Qxc2 Rxc2 37. Nd4 Rxg2+ 38. Kxg2 Rxd5 39. Nc6 Rc5 40. Nb4 Bb7+ 41. Kh3 Nxe5 42. Nd3 Nxd3 43. Rxd3 h5 44. gxh5 gxh5 45. Bb8 a6 46. Bf4 Bc6 47. Ra2 Bd5 48. Ra4 e5 49. Be3 Rb5 50. Bb6 Be6+ 51. Kg3 f5 52. Rd8+ Kf7 53. Ra8 Rb2 54. Ra7+ Kg6 55. Bf2 f4+ 56. Kg2 Bd5+ 57. Kf1 e4 58. Rxg7+ Kf5 59. Rg5+ Ke6 60. Rd4 Rb5 61. Be1 Rc5 62. Rxe4+ 1-0

[Event "EU-chT (Women) 19th"]
[Site "Warsaw"]
[Date "2013.11.14"]
[Round "6.13"]
[White "Srebrnic, Ana"]
[Black "Moser, Eva"]
[Result "1/2-1/2"]
[WhiteElo "2198"]
[BlackElo "2434"]
[PlyCount "83"]
[EventDate "2013.11.08"]
[EventType "team-swiss"]
[EventRounds "9"]
[EventCountry "POL"]
[SourceTitle "EXT 2014"]
[Source "ChessBase"]
[SourceDate "2013.11.20"]
[SourceVersion "1"]
[SourceVersionDate "2013.11.20"]
[SourceQuality "1"]
[WhiteTeam "Slovenia (W)"]
[BlackTeam "Austria (W)"]
[WhiteTeamCountry "SLO"]
[BlackTeamCountry "AUT"]

1. Nf3 d5 2. d4 c5 3. c4 cxd4 4. Qxd4 Nf6 5. cxd5 Qxd5 6. Nc3 Qxd4 7. Nxd4 e5 8. Ndb5 Na6 9. g3 Bd7 10. Bg2 Bxb5 11. Nxb5 Bb4+ 12. Nc3 Bxc3+ 13. bxc3 0-0-0 14. Rb1 Nd5 15. Bb2 Nb6 16. c4 f6 17. Ba3 Nb8 18. Be7 Rd4 19. c5 Nd5 20. e3 Rb4 21. Bh3+ Kc7 22. Bd6+ Kc6 23. Rxb4 Nxb4 24. Bg2+ Kb5 25. Bxb7 Nxa2 26. 0-0 Nb4 27. Rb1 a5 28. c6 N8xc6 29. Bxc6+ Kxc6 30. Bxb4 axb4 31. Rxb4 Ra8 32. Rc4+ Kd6 33. e4 Rd8 34. h4 Ke6 35. Rc6+ Rd6 36. Rc7 Rd7 37. Rc6+ Kf7 38. h5 g6 39. hxg6+ hxg6 40. Kg2 f5 41. exf5 gxf5 42. Kf3 1/2-1/2

[Event "EU-chT (Women) 19th"]
[Site "Warsaw"]
[Date "2013.11.11"]
[Round "4.10"]
[White "Moser, Eva"]
[Black "Stefanova, Antoaneta"]
[Result "1-0"]
[WhiteElo "2434"]
[BlackElo "2494"]
[PlyCount "67"]
[EventDate "2013.11.08"]
[EventType "team-swiss"]
[EventRounds "9"]
[EventCountry "POL"]
[SourceTitle "EXT 2014"]
[Source "ChessBase"]
[SourceDate "2013.11.20"]
[SourceVersion "1"]
[SourceVersionDate "2013.11.20"]
[SourceQuality "1"]
[WhiteTeam "Austria (W)"]
[BlackTeam "Bulgaria (W)"]
[WhiteTeamCountry "AUT"]
[BlackTeamCountry "BUL"]

1. Nf3 d5 2. g3 c6 3. Bg2 Bf5 4. 0-0 e6 5. d3 h6 6. Nfd2 Bc5 7. e4 Bg6 8. Kh1 h5 9. f4 Nf6 10. Nb3 Bb6 11. f5 exf5 12. exf5 Bh7 13. Bg5 Nbd7 14. Re1+ Kf8 15. Qf3 Qc8 16. Nc3 Ng4 17. Be7+ Kg8 18. d4 Ndf6 19. Rf1 Qd7 20. Bxf6 Nxf6 21. Na4 Re8 22. Nac5 Qc8 23. Bh3 Bxc5 24. Nxc5 b6 25. Nd3 Re4 26. c3 Ng4 27. Rae1 Qe8 28. Bxg4 hxg4 29. Qxg4 f6 30. Rxe4 dxe4 31. Nf4 e3 32. Ne6 g5 33. fxg6 Qxg6 34. Rxf6 1-0

[Event "EU-chT (Women) 19th"]
[Site "Warsaw"]
[Date "2013.11.10"]
[Round "3.6"]
[White "Gunina, Valentina"]
[Black "Moser, Eva"]
[Result "1-0"]
[WhiteElo "2509"]
[BlackElo "2434"]
[PlyCount "75"]
[EventDate "2013.11.08"]
[EventType "team-swiss"]
[EventRounds "9"]
[EventCountry "POL"]
[SourceTitle "EXT 2014"]
[Source "ChessBase"]
[SourceDate "2013.11.20"]
[SourceVersion "1"]
[SourceVersionDate "2013.11.20"]
[SourceQuality "1"]
[WhiteTeam "Russia (W)"]
[BlackTeam "Austria (W)"]
[WhiteTeamCountry "RUS"]
[BlackTeamCountry "AUT"]

1. d4 c5 2. d5 d6 3. e4 g6 4. Nc3 Bg7 5. Nf3 Nf6 6. Bb5+ Nbd7 7. a4 a6 8. Bc4 b6 9. 0-0 0-0 10. h3 Ne8 11. Rb1 Ne5 12. Nxe5 dxe5 13. Be3 Nd6 14. Be2 Qc7 15. Qd2 Bd7 16. f4 b5 17. fxe5 Bxe5 18. Bf4 Bxf4 19. Qxf4 b4 20. Nd1 Bxa4 21. Ne3 Bd7 22. e5 Nf5 23. d6 exd6 24. Nd5 Qd8 25. g4 dxe5 26. Qxe5 f6 27. Qf4 Nd4 28. Bd3 Kg7 29. Rbe1 Rf7 30. Re7 Bf5 31. Rxf7+ Kxf7 32. gxf5 Qxd5 33. fxg6+ Ke8 34. Qxf6 hxg6 35. Re1+ Kd7 36. Re7+ Kc8 37. Qf8+ Qd8 38. Re8 1-0

[Event "BL 1314 (Women)"]
[Site "Germany"]
[Date "2013.10.05"]
[Round "1.3"]
[White "Sieber, Fiona"]
[Black "Moser, Eva"]
[Result "0-1"]
[WhiteElo "1871"]
[BlackElo "2433"]
[PlyCount "46"]
[EventDate "2013.10.04"]
[EventType "team-tourn"]
[EventRounds "11"]
[EventCountry "GER"]
[SourceTitle "EXT 2018"]
[Source "ChessBase"]
[SourceDate "2017.10.13"]
[SourceVersion "1"]
[SourceVersionDate "2017.10.13"]
[SourceQuality "1"]
[WhiteTeam "Lehrte (W)"]
[BlackTeam "Baden-Baden (W)"]
[WhiteTeamCountry "GER"]
[BlackTeamCountry "GER"]

1. e4 d5 2. exd5 Qxd5 3. Nc3 Qd8 4. d4 Nf6 5. g3 Bg4 6. Nf3 e5 7. Qe2 Nc6 8. Bg2 Qe7 9. dxe5 Nd4 10. Qd3 Bxf3 11. Bxf3 Qxe5+ 12. Ne2 Nxf3+ 13. Qxf3 0-0-0 14. 0-0 Bc5 15. Bf4 Qf5 16. Qb3 Rhe8 17. Nc3 Ng4 18. Rad1 Nxf2 19. Rd5 Rxd5 20. Nxd5 Ng4+ 21. Kg2 Re2+ 22. Kf3 Rd2 23. Ne7+ Bxe7 0-1

[Event "Vienna op 18th"]
[Site "Vienna"]
[Date "2013.08.25"]
[Round "9"]
[White "Moser, Eva"]
[Black "Newrkla, Katharina"]
[Result "1-0"]
[WhiteElo "2433"]
[BlackElo "2152"]
[PlyCount "81"]
[EventDate "2013.08.17"]
[EventType "swiss"]
[EventRounds "9"]
[EventCountry "AUT"]
[SourceTitle "CBM 156 Extra"]
[Source "ChessBase"]
[SourceDate "2013.10.22"]
[SourceVersion "1"]
[SourceVersionDate "2013.10.22"]
[SourceQuality "1"]

1. g3 d5 2. Nf3 c6 3. Bg2 Bg4 4. c4 e6 5. cxd5 exd5 6. h3 Bxf3 7. Bxf3 Nf6 8. 0-0 Bd6 9. d3 0-0 10. e4 dxe4 11. dxe4 Na6 12. Nc3 Qc7 13. a3 Rfe8 14. Qc2 Nc5 15. Be3 Qe7 16. Rfe1 a5 17. Rad1 Rad8 18. Bg2 Be5 19. Ne2 Nfd7 20. f4 Bc7 21. Nc3 f6 22. Kh1 Kh8 23. Bf2 Qf7 24. Ne2 Ne6 25. Qb3 b6 26. Qc4 Nb8 27. a4 Qe7 28. Nc3 Qb4 29. Rxd8 Bxd8 30. Qxb4 axb4 31. Nd1 Na6 32. e5 Nec5 33. Bxc6 Re6 34. Bb5 fxe5 35. fxe5 Bc7 36. Bd4 Bd6 37. Rf1 Be7 38. Bc4 Rc6 39. Rf7 Rc7 40. Ne3 Nb8 41. Nd5 1-0